<?xml version="1.0" encoding="UTF-8"?>
<record
    xmlns:xsi="http://www.w3.org/2001/XMLSchema-instance"
    xsi:schemaLocation="http://www.loc.gov/MARC21/slim http://www.loc.gov/standards/marcxml/schema/MARC21slim.xsd"
    xmlns="http://www.loc.gov/MARC21/slim">

  <leader>02044cam a2200541 a 4500</leader>
  <controlfield tag="001">23475</controlfield>
  <controlfield tag="003">VRT</controlfield>
  <controlfield tag="005">20260624111950.0</controlfield>
  <controlfield tag="008">240226s2003    xo a   jrn    001 0 slo  </controlfield>
  <datafield tag="015" ind1=" " ind2=" ">
    <subfield code="a">SNBA2003/08-02398</subfield>
  </datafield>
  <datafield tag="020" ind1=" " ind2=" ">
    <subfield code="a">8071457442</subfield>
  </datafield>
  <datafield tag="035" ind1=" " ind2=" ">
    <subfield code="a">SNK000414544</subfield>
  </datafield>
  <datafield tag="035" ind1=" " ind2=" ">
    <subfield code="a">urn:nbn:sk:snk-am3iwx2</subfield>
  </datafield>
  <datafield tag="035" ind1=" " ind2=" ">
    <subfield code="a">E7E09700-BBFE-405B-AC03-52EF5F20800B</subfield>
  </datafield>
  <datafield tag="035" ind1=" " ind2=" ">
    <subfield code="a">urn:nbn:sk:snk-am00g4sh</subfield>
  </datafield>
  <datafield tag="039" ind1=" " ind2="9">
    <subfield code="a">202402261608</subfield>
    <subfield code="b">VLOAD</subfield>
    <subfield code="c">202203162235</subfield>
    <subfield code="d">csnkv18</subfield>
    <subfield code="c">202202271353</subfield>
    <subfield code="d">AUTHORITY</subfield>
    <subfield code="c">202201070913</subfield>
    <subfield code="d">VLOAD</subfield>
  </datafield>
  <datafield tag="040" ind1=" " ind2=" ">
    <subfield code="a">SNK</subfield>
    <subfield code="b">slo</subfield>
    <subfield code="c">SNK</subfield>
    <subfield code="e">AACR2</subfield>
  </datafield>
  <datafield tag="041" ind1="1" ind2=" ">
    <subfield code="a">slo</subfield>
    <subfield code="h">eng</subfield>
  </datafield>
  <datafield tag="043" ind1=" " ind2=" ">
    <subfield code="a">n------</subfield>
  </datafield>
  <datafield tag="044" ind1=" " ind2=" ">
    <subfield code="a">xo</subfield>
    <subfield code="c">SK</subfield>
  </datafield>
  <datafield tag="072" ind1=" " ind2="7">
    <subfield code="a">39</subfield>
    <subfield code="x">Etnol&#xF3;gia. Etnografia. Folkl&#xF3;r</subfield>
    <subfield code="2">konspekt</subfield>
  </datafield>
  <datafield tag="072" ind1=" " ind2="7">
    <subfield code="a">0/9-053.2</subfield>
    <subfield code="x">Literat&#xFA;ra pre deti a ml&#xE1;de&#x17E; (n&#xE1;u&#x10D;n&#xE1;)</subfield>
    <subfield code="2">konspekt</subfield>
  </datafield>
  <datafield tag="080" ind1=" " ind2=" ">
    <subfield code="a">39</subfield>
    <subfield code="2">2011</subfield>
  </datafield>
  <datafield tag="080" ind1=" " ind2=" ">
    <subfield code="a">(=8)</subfield>
    <subfield code="2">2011</subfield>
  </datafield>
  <datafield tag="080" ind1=" " ind2=" ">
    <subfield code="a">(03)82-93-053.4/.6</subfield>
    <subfield code="2">2011</subfield>
  </datafield>
  <datafield tag="080" ind1=" " ind2=" ">
    <subfield code="a">94(7)</subfield>
    <subfield code="2">2011</subfield>
  </datafield>
  <datafield tag="100" ind1="1" ind2=" ">
    <subfield code="a">Buller, Laura</subfield>
    <subfield code="4">aut</subfield>
  </datafield>
  <datafield tag="240" ind1="1" ind2="0">
    <subfield code="a">Native Americans - an inside look at the tribes and traditions</subfield>
    <subfield code="l">Slovensky</subfield>
  </datafield>
  <datafield tag="245" ind1="1" ind2="0">
    <subfield code="a">Indi&#xE1;ni</subfield>
    <subfield code="b">p&#xF4;vodn&#xED; obyvatelia Ameriky</subfield>
    <subfield code="c">Laura Bullerov&#xE1; ; poradca Darren Ranco ; z anglick&#xE9;ho origin&#xE1;lu prelo&#x17E;ila Miriam Ghaniov&#xE1;</subfield>
  </datafield>
  <datafield tag="250" ind1=" " ind2=" ">
    <subfield code="a">1. slovensk&#xE9; vydanie</subfield>
  </datafield>
  <datafield tag="260" ind1=" " ind2=" ">
    <subfield code="a">Bratislava</subfield>
    <subfield code="b">Slovart</subfield>
    <subfield code="c">2003</subfield>
  </datafield>
  <datafield tag="300" ind1=" " ind2=" ">
    <subfield code="a">96 str&#xE1;n</subfield>
    <subfield code="b">farebn&#xE9; ilustr&#xE1;cie</subfield>
    <subfield code="c">21 cm</subfield>
  </datafield>
  <datafield tag="490" ind1="1" ind2=" ">
    <subfield code="a">Mega menu</subfield>
  </datafield>
  <datafield tag="504" ind1=" " ind2=" ">
    <subfield code="a">Bibliografia na strane 92-93 ; pozn&#xE1;mky a vysvetlivky ; register ; slovn&#xED;&#x10D;ek ; zoznam</subfield>
  </datafield>
  <datafield tag="650" ind1="0" ind2="7">
    <subfield code="a">etnografia</subfield>
    <subfield code="2">SNKPH</subfield>
  </datafield>
  <datafield tag="650" ind1="0" ind2="7">
    <subfield code="a">Indi&#xE1;ni</subfield>
    <subfield code="2">SNKPH</subfield>
  </datafield>
  <datafield tag="651" ind1=" " ind2="7">
    <subfield code="a">Severn&#xE1; Amerika</subfield>
    <subfield code="2">SNKPHgeo</subfield>
  </datafield>
  <datafield tag="655" ind1=" " ind2="7">
    <subfield code="a">publik&#xE1;cie pre deti a ml&#xE1;de&#x17E;</subfield>
    <subfield code="2">SNKPH</subfield>
  </datafield>
  <datafield tag="700" ind1="1" ind2=" ">
    <subfield code="a">Ghaniov&#xE1;, Miriam</subfield>
    <subfield code="4">trl</subfield>
  </datafield>
  <datafield tag="700" ind1="1" ind2=" ">
    <subfield code="a">Ranco, Darren</subfield>
    <subfield code="4">oth</subfield>
  </datafield>
  <datafield tag="830" ind1=" " ind2="0">
    <subfield code="a">Mega menu</subfield>
  </datafield>
  <datafield tag="910" ind1=" " ind2=" ">
    <subfield code="a">snk</subfield>
  </datafield>
  <datafield tag="942" ind1=" " ind2=" ">
    <subfield code="2">ddc</subfield>
    <subfield code="c">KLDE</subfield>
    <subfield code="n">0</subfield>
  </datafield>
  <datafield tag="949" ind1=" " ind2=" ">
    <subfield code="6">17A0396027</subfield>
    <subfield code="9">P60, &lt;03&gt;, [BOOK], {603}</subfield>
    <subfield code="a">snkSC 112845</subfield>
    <subfield code="b">snkKSP 11221/2003</subfield>
    <subfield code="s">6100:20210507</subfield>
  </datafield>
  <datafield tag="949" ind1=" " ind2=" ">
    <subfield code="6">17A0396026</subfield>
    <subfield code="9">P60, &lt;04&gt;, [BOOK], {604}</subfield>
    <subfield code="a">snkSC 112845 D1</subfield>
    <subfield code="b">snkKSP 11222/2003</subfield>
  </datafield>
  <datafield tag="949" ind1=" " ind2=" ">
    <subfield code="6">270001000215107</subfield>
    <subfield code="a">svkbbA 107977</subfield>
    <subfield code="b">svkbbm 650811</subfield>
    <subfield code="p">650.811</subfield>
  </datafield>
  <datafield tag="949" ind1=" " ind2=" ">
    <subfield code="6">273K0480490</subfield>
    <subfield code="a">svkpoA 185900</subfield>
    <subfield code="b">svkpo464522</subfield>
  </datafield>
  <datafield tag="999" ind1=" " ind2=" ">
    <subfield code="c">23475</subfield>
    <subfield code="d">23475</subfield>
  </datafield>
  <datafield tag="952" ind1=" " ind2=" ">
    <subfield code="0">0</subfield>
    <subfield code="1">0</subfield>
    <subfield code="4">0</subfield>
    <subfield code="7">0</subfield>
    <subfield code="8">D</subfield>
    <subfield code="a">MKTUR</subfield>
    <subfield code="b">MKTUR</subfield>
    <subfield code="d">2026-06-24</subfield>
    <subfield code="l">0</subfield>
    <subfield code="p">4712401414</subfield>
    <subfield code="r">2026-06-24 11:20:01</subfield>
    <subfield code="w">2026-06-24</subfield>
    <subfield code="y">KLDE</subfield>
  </datafield>
</record>
